| 000 | 00429nam a22001697a 4500 | ||
|---|---|---|---|
| 005 | 20251108172809.0 | ||
| 008 | 250721s1995 xx 000 0 eng d | ||
| 082 | 1 | 4 | _aJ/525.5/WOO |
| 100 | 1 | _aWoolfitt, Gabrielle | |
| 245 | 1 | 0 | _aSCIENCE THROUGH THE SEASONS : SPRING / |
| 264 | 1 |
_aLondon : _bWaland Publishers Ltd., _c1995. |
|
| 300 | _a32 p | ||
| 650 | 1 | 7 | _aSEASONS |
| 650 | 1 | 7 | _aSPRING |
| 942 |
_2ddc _cBK |
||
| 999 |
_c88745 _d88745 |
||